Statistics for Manchester City Squad 2016-2017

Click here to take the quiz!

General Stats

  • This quiz has been taken 18 times
  • The average score is 16 of 26

Answer Stats

#PositionNationPlayer% Correct
10FWArgentinaSergio Agüero
100%
21MFSpainDavid Silva
92%
8MFGermanyİlkay Gündoğan
92%
1GKChileClaudio Bravo
85%
17MFBelgiumKevin De Bruyne
85%
-CoachSpainPep Guardiola
85%
7FWEnglandRaheem Sterling
85%
4DFBelgiumVincent Kompany
85%
11DFSerbiaAleksandar Kolarov
77%
25MFBrazilFernandinho
77%
5DFArgentinaPablo Zabaleta
77%
42MFIvory CoastYaya Touré
77%
33FWBrazilGabriel Jesus
69%
30DFArgentinaNicolás Otamendi
69%
19FWGermanyLeroy Sané
62%
22DFFranceGaël Clichy
54%
13GKArgentinaWilly Caballero
54%
3DFFranceBacary Sagna
46%
6MFBrazilFernando
46%
15FWSpainJesús Navas
46%
24DFEnglandJohn Stones
46%
9FWSpainNolito
46%
18MFEnglandFabian Delph
31%
72FWNigeriaKelechi Iheanacho
31%
54GKEnglandAngus Gunn
15%
50DFArgentinaPablo Maffeo
8%

Score Distribution

Percentile by Number Answered

Percent of People with Each Score

Your Score History

You have not taken this quiz